Metodologické problémy ekonomickej analýzy v rozvinutom socializme autoreferát pre získanie vedeckej hodnosti kandidáta ekonomických vied

Salvato in:
Dettagli Bibliografici
Autore principale: Šlosárová, Anna
Ente Autore: Vysoká škola ekonomická v Bratislave
Natura: Libro
Lingua:slovacco
Pubblicazione: Bratislava 1984
Tags: Aggiungi Tag
Nessun Tag, puoi essere il primo ad aggiungerne!!

MARC

LEADER 00000nam a2200000 4500
001 c114707
005 20230116094301.3
041 0 |a slo 
044 |a SK 
245 1 0 |a Metodologické problémy ekonomickej analýzy v rozvinutom socializme  |b autoreferát pre získanie vedeckej hodnosti kandidáta ekonomických vied  |c Anna Šlosárová 
264 1 |a Bratislava  |c 1984 
300 |a 27 s. 
100 1 |a Šlosárová, Anna 
710 2 |a Vysoká škola ekonomická v Bratislave